|
|
|
|
| LEADER |
01129Cam#a2200277#a#4500 |
| 001 |
026830 |
| 003 |
AR-BeUNQ |
| 005 |
20220420164926.0 |
| 008 |
141209s201u ag d ##s f000 0#spa d |
| 999 |
|
|
|c 24644
|d 100031
|
| 040 |
|
|
|a AR-BeUNQ
|b spa
|e aacr
|
| 082 |
0 |
4 |
|a 664
|2 21
|
| 100 |
1 |
|
|a Ciani, Rubén.
|
| 245 |
0 |
2 |
|a Derivados de la industrialización de soja en Argentina
|c Rubén Ciani ; diseño, Antonela Cárpena.
|
| 246 |
3 |
3 |
|a Derivados de la industrialización de soja en Argentina :
|b Harina, aceite.
|
| 260 |
|
|
|a Buenos Aires :
|b Ministerio de Agricultura, Ganadería y Pesca,
|c [201-]
|
| 300 |
|
|
|a 45 p. :
|b gráficos ;
|c 21 cm.
|
| 650 |
|
7 |
|a Harina
|2 spines
|
| 650 |
|
7 |
|a Aceites comestibles
|2 spines
|
| 650 |
|
7 |
|a Aceites
|2 spines
|
| 650 |
|
7 |
|a Soja (Planta)
|2 spines
|
| 650 |
|
7 |
|a Industria alimentaria
|2 spines
|
| 710 |
1 |
|
|a Argentina.
|b Ministerio de Agricultura, Ganadería y Pesca.
|e aut.
|
| 929 |
|
|
|a DONACION
|b Ministerio de Agricultura, Ganadería y Pesca
|d 180E
|e 20140911
|f PAT0056522
|g 2709
|j 52305
|
| 929 |
|
|
|a DONACION
|b Ministerio de Agricultura, Ganadería y Pesca
|d 180E
|e 20140911
|f PAT0056523
|g 2709
|j 52306
|
| 942 |
|
|
|c LIB
|n 0
|